Ochrana vnútorného trhu v medzinárodnom obchode
Analýza zákona č.59/1997 Z.z. o ochrane pred dumpingom pri dovoze tovaru. Pravidlá posudzovania dumpingu pri dovoze tovaru a konanie pri zisťovaní a posudzovaní dumpingovej ujmy a prijímaní opatrení na ochranu pred dovozom dumpingového tovaru. Vysvetlenie pojmu dumping. Dočasné opatrenia MF SR pri o...
Na minha lista:
| Autor principal: | |
|---|---|
| Formato: | Capítulo de Livro |
| Idioma: | eslovaco |
| Assuntos: | |
| Tags: |
Sem tags, seja o primeiro a adicionar uma tag!
|
MARC
| LEADER | 00000naa a2200000 4500 | ||
|---|---|---|---|
| 001 | r028094 | ||
| 005 | 20230824093307.9 | ||
| 041 | 0 | |a slo | |
| 044 | |a SK | ||
| 245 | 1 | 0 | |a Ochrana vnútorného trhu v medzinárodnom obchode |c A. Gerstner |
| 520 | |a Analýza zákona č.59/1997 Z.z. o ochrane pred dumpingom pri dovoze tovaru. Pravidlá posudzovania dumpingu pri dovoze tovaru a konanie pri zisťovaní a posudzovaní dumpingovej ujmy a prijímaní opatrení na ochranu pred dovozom dumpingového tovaru. Vysvetlenie pojmu dumping. Dočasné opatrenia MF SR pri ochrane proti dumpingu. | ||
| 610 | 2 | 0 | |a zákony |
| 610 | 2 | 0 | |a 1997 |
| 610 | 2 | 0 | |a Slovensko |
| 610 | 2 | 0 | |a dumping |
| 610 | 2 | 0 | |a dovoz |
| 610 | 2 | 0 | |a obchod medzinárodný |
| 610 | 2 | 0 | |a ochrana trhu |
| 100 | 1 | |a Gerstner, A. | |